| 000 | 01502nam a2200229Ia 4500 | ||
|---|---|---|---|
| 003 | SEM | ||
| 005 | 20251020115556.0 | ||
| 008 | 141116s19281927ua ||||gr||||||01|||arm|d | ||
| 040 |
_aSEM _cSEM |
||
| 041 | _aarm | ||
| 080 | _a947.925(Սփ)/Ս-98 | ||
| 100 |
_aՍուֆեան, Յ. ; [Գուշակյան, Թորգոմ եպս․] _q[Սուֆյան, Յ.] |
||
| 245 | _aԵգիպտոսի հայ մէմլուքներն ու իշխանները Ֆաթիմեան շրջանին /Յ․ Սուֆեան ; Եգիպտոսի հայոց հին եւ արդի եկեղեցիները եւ պատմութիւն շինութեան Ս. Գրիգոր Լուսաւորիչ նորաշէն եկեղեցւոյ Գահիրէի / [Թ․ եպս․Գուշակյան] | ||
| 260 |
_aԳահիրէ ։ _a[Կահիրե] : _bտպ․ Լուսարձակ, _bտպ․ Յաբէթ-Պաղտասար, _c1928․ |
||
| 300 |
_a80+122 էջ ; _c22 սմ |
||
| 505 |
_aՅ․ Սուֆեան - _tԵգիպտոսի հայ մէմլուքներն ու իշխանները Ֆաթիմեան շրջանին։ _g1928․-80 էջ |
||
| 505 |
_a[Գուշակյան, Թորգոմ եպս․] - _tԵգիպտոսի հայոց հին եւ արդի եկեղեցիները եւ պատմութիւն շինութեան Ս. Գրիգոր Լուսաւորիչ նորաշէն եկեղեցւոյ Գահիրէի։ _g1927․-122 էջ |
||
| 650 |
_aՊատմություն _zԵգիպտոս |
||
| 650 |
_aՎանքեր _xհայ եկեղեցի |
||
| 653 | _aՍԷՄ | ||
| 942 |
_2udc _cBK |
||
| 999 |
_c43256 _d43256 |
||